000 00512pab a2200169 454500
008 180718b2012 xxu||||| |||| 00| 0 eng d
100 _aBaker, Susan D.
245 _aBusiness ethics everywhere: An experiential exercise to develop students ability to identify and respond to ethical issues in business
260 _c2012
300 _ap.95-125.
362 _aFeb
650 _aBusiness education
700 _aComer, Debra R.
773 _aJournal of Management Education
908 _aN
909 _a96488
999 _c96488
_d96488